000 00636nam a2200205Ia 4500
003 IN-BaIIA
008 211028s9999 xx 000 0 eng d
020 _a90-277-0279-9
040 _cIIA Library
080 _a52(082.1)
_bASS-34
100 _aKourganoff, V.
_92644
245 0 _aIntroduction to the physics of stellar interiors
_cV. Kourganoff
260 _aDordrechet
_bD. Reidel Publishing
_c1973
300 _axi, 115p.
650 _aAstronomy and astrophysics thesaurus
650 _aInteriors
_99391
650 _aStellar evolution
650 _aStellar structure
942 _cBK
999 _c5399
_d5399